Анализ и расчет риска возникновения ЧС при эксплуатации нефтешламовых амбаров; Ресурсоэффективные системы в управлении и контроле: взгляд в будущее

מידע ביבליוגרפי
Parent link:Ресурсоэффективные системы в управлении и контроле: взгляд в будущее.— 2018.— [С. 195]
מחבר ראשי: Мелков Д. Н.
מחבר תאגידי: Национальный исследовательский Томский политехнический университет Инженерная школа неразрушающего контроля и безопасности Отделение контроля и диагностики
מחברים אחרים: Романцов И. И. Игорь Иванович (научный руководитель), Тусупова М. Д.
סיכום:Заглавие с экрана
שפה:רוסית
יצא לאור: 2018
סדרה:Техносферная безопасность
נושאים:
גישה מקוונת:http://earchive.tpu.ru/handle/11683/51778
פורמט: אלקטרוני Book Chapter
KOHA link:https://koha.lib.tpu.ru/cgi-bin/koha/opac-detail.pl?biblionumber=628453

MARC

LEADER 00000naa2a2200000 4500
001 628453
005 20240111122706.0
035 |a (RuTPU)RU\TPU\conf\28667 
035 |a RU\TPU\conf\28665 
090 |a 628453 
100 |a 20181123d2018 k y0rusy50 ca 
101 0 |a rus 
102 |a RU 
105 |a y z 101zy 
135 |a drgn ---uucaa 
181 0 |a i  
182 0 |a b 
200 1 |a Анализ и расчет риска возникновения ЧС при эксплуатации нефтешламовых амбаров  |f Д. Н. Мелков, И. И. Романцов, М. Д. Тусупова  |g науч. рук. И. И. Романцов 
203 |a Текст  |c электронный 
225 1 |a Техносферная безопасность 
300 |a Заглавие с экрана 
320 |a [Библиогр.: с. 198 (2 назв.)] 
463 0 |0 (RuTPU)RU\TPU\conf\28587  |t Ресурсоэффективные системы в управлении и контроле: взгляд в будущее  |o сборник научных трудов VII Международной конференции школьников, студентов, аспирантов, молодых ученых, 8 -13 октября 2018 г., г. Томск  |f Национальный исследовательский Томский политехнический университет (ТПУ)  |v [С. 195]  |d 2018 
610 1 |a электронный ресурс 
610 1 |a труды учёных ТПУ 
610 1 |a анализ 
610 1 |a расчеты 
610 1 |a риски 
610 1 |a чрезвычайные ситуации 
610 1 |a эксплуатация 
610 1 |a нефтешламовые амбары 
610 1 |a нефтесодержащие отходы 
610 1 |a самовозгорание 
610 1 |a нефти 
610 1 |a индукция 
610 1 |a нефтешламы 
700 1 |a Мелков  |b Д. Н. 
701 1 |a Романцов  |b И. И.  |c специалист в области экологии и безопасности жизнедеятельности  |c доцент Томского политехнического университета, кандидат технических наук  |f 1967-  |g Игорь Иванович  |3 (RuTPU)RU\TPU\pers\32975  |9 16820 
701 1 |a Тусупова  |b М. Д. 
702 1 |a Романцов  |b И. И.  |c специалист в области экологии и безопасности жизнедеятельности  |c старший преподаватель Томского политехнического университета, кандидат технических наук  |f 1967-  |g Игорь Иванович  |4 727 
712 0 2 |a Национальный исследовательский Томский политехнический университет  |b Инженерная школа неразрушающего контроля и безопасности  |b Отделение контроля и диагностики  |3 (RuTPU)RU\TPU\col\23584 
801 2 |a RU  |b 63413507  |c 20181128  |g RCR 
856 4 |u http://earchive.tpu.ru/handle/11683/51778 
942 |c BK